| 000 | 00400nam a22001697a 4500 | ||
|---|---|---|---|
| 005 | 20260413114822.0 | ||
| 008 | 160627b xxu||||| |||| 00| 0 eng d | ||
| 020 | _a978-0-330-42038-9 | ||
| 041 | _aeng | ||
| 082 | _a813.6 | ||
| 100 |
_aCabot, Meg. _98922 |
||
| 245 | _aThe Princess Diaries: Sixsational | ||
| 260 | _bMac Millan | ||
| 300 | _a256 | ||
| 650 |
_aAmerican fiction _98938 |
||
| 942 | _cBK | ||
| 999 |
_c4129 _d4128 |
||